[Event "POL-chT U20 2nd League"]
[Site "Sypniewo"]
[Date "2025.06.26"]
[Round "9.55"]
[White "Zasada, Marcin"]
[Black "Dudek, Bartlomiej"]
[Result "1/2-1/2"]
[WhiteElo "1825"]
[BlackElo "1717"]
[PlyCount "62"]
[EventDate "2025.06.18"]
[EventType "team-swiss"]
[EventRounds "9"]
[EventCountry "POL"]
[SourceTitle "CB27_2025"]
[SourceDate "2025.07.02"]
[SourceVersion "1"]
[SourceVersionDate "2025.07.02"]
[SourceQuality "1"]
[WhiteTeam "Osielsko"]
[BlackTeam "Tarnowskie Gory Mat"]
[WhiteTeamCountry "POL"]
[BlackTeamCountry "POL"]

1. d4 d5 2. Nf3 Nc6 3. c4 Bg4 4. e3 e5 5. h3 Bxf3 6. Qxf3 exd4 7. cxd5 Bb4+ 8. Nd2 Nb8 9. Qe4+ Ne7 10. Qxd4 Bxd2+ 11. Bxd2 0-0 12. Bc3 f6 13. Bc4 Kh8 14. 0-0 Nd7 15. Rad1 Ne5 16. Bb3 Qe8 17. Bb4 Nf5 18. Qf4 Nd6 19. Bxd6 cxd6 20. Qb4 Qe7 21. Rc1 Nd3 22. Qa5 Nxc1 23. Rxc1 Rfc8 24. Rxc8+ Rxc8 25. Qxa7 Qc7 26. Kh2 Qe7 27. Qd4 Rc1 28. Kg3 Kg8 29. Bc4 Qe8 30. b3 Qg6+ 31. Kf3 Qf5+ 1/2-1/2

[Event "POL-chT U20 2nd League"]
[Site "Sypniewo"]
[Date "2025.06.23"]
[Round "6.73"]
[White "Smolinski, Wojciech"]
[Black "Zasada, Marcin"]
[Result "1/2-1/2"]
[WhiteElo "1987"]
[BlackElo "1825"]
[PlyCount "93"]
[EventDate "2025.06.18"]
[EventType "team-swiss"]
[EventRounds "9"]
[EventCountry "POL"]
[SourceTitle "CB27_2025"]
[SourceDate "2025.07.02"]
[SourceVersion "1"]
[SourceVersionDate "2025.07.02"]
[SourceQuality "1"]
[WhiteTeam "Katowice Hetman II"]
[BlackTeam "Osielsko"]
[WhiteTeamCountry "POL"]
[BlackTeamCountry "POL"]

1. d4 Nf6 2. c4 e6 3. Nc3 d5 4. Nf3 c6 5. e3 Nbd7 6. Be2 dxc4 7. Bxc4 b5 8. Bd3 Bb7 9. 0-0 Be7 10. Qc2 Rc8 11. e4 b4 12. e5 bxc3 13. exf6 Nxf6 14. bxc3 0-0 15. Rb1 Ba8 16. Bf4 Bd6 17. Be5 h6 18. Rfd1 Qe7 19. Qa4 c5 20. Be2 Nd5 21. Rdc1 Nf4 22. Bxf4 Bxf4 23. Rd1 Rfd8 24. dxc5 Rxd1+ 25. Rxd1 Bb8 26. Qb4 Qc7 27. Rd6 Kh7 28. Bd3+ g6 29. Qg4 Qe7 30. Bxg6+ fxg6 31. Ne5 Qg7 32. Rd7 Bxe5 33. Rxg7+ Bxg7 34. Qb4 Bd5 35. c4 Ba8 36. h4 h5 37. a4 Rd8 38. Qe1 Rc8 39. Qe3 e5 40. a5 e4 41. a6 Bc6 42. Qf4 Ba8 43. Qf7 Rxc5 44. Qxa7 Rc8 45. c5 Kh6 46. Qe7 Bf8 47. Qg5+ 1/2-1/2

[Event "POL-chT U20 2nd League"]
[Site "Sypniewo"]
[Date "2025.06.18"]
[Round "1.7"]
[White "Zasada, Marcin"]
[Black "Jasiulewicz, Dawid"]
[Result "1/2-1/2"]
[WhiteElo "1825"]
[BlackElo "2133"]
[PlyCount "164"]
[EventDate "2025.06.18"]
[EventType "team-swiss"]
[EventRounds "9"]
[EventCountry "POL"]
[SourceTitle "CB27_2025"]
[SourceDate "2025.07.02"]
[SourceVersion "1"]
[SourceVersionDate "2025.07.02"]
[SourceQuality "1"]
[WhiteTeam "Osielsko"]
[BlackTeam "Suwałki Hancza"]
[WhiteTeamCountry "POL"]
[BlackTeamCountry "POL"]

1. Nf3 Nf6 2. g3 b6 3. Bg2 Bb7 4. 0-0 c5 5. d3 d5 6. Nbd2 e6 7. e4 Be7 8. Re1 Nc6 9. c3 Qc7 10. Nf1 dxe4 11. dxe4 Rd8 12. Qe2 0-0 13. Bg5 Rfe8 14. h4 Nd7 15. Bf4 Qc8 16. Rad1 c4 17. b4 cxb3 18. axb3 Ba6 19. Qb2 Nc5 20. Rxd8 Rxd8 21. Qa2 Nd3 22. Ra1 Bb7 23. Bg5 a5 24. Be3 Bc5 25. Rd1 Bxe3 26. Nxe3 Ne7 27. Qd2 Rd7 28. Ne1 Nc5 29. Qc2 Rxd1 30. Nxd1 Qd7 31. b4 Na6 32. bxa5 bxa5 33. Nd3 Bc6 34. N1b2 Qb7 35. f3 g6 36. Kh2 Nc8 37. c4 Nd6 38. Qc3 Nb4 39. Nxb4 Qxb4 40. Qxb4 axb4 41. Bf1 Nb7 42. Be2 f6 43. Kg1 Kf8 44. Kf2 Ke7 45. Ke3 Kd6 46. Nd3 b3 47. Kd2 e5 48. Kc3 f5 49. exf5 gxf5 50. Kxb3 e4 51. fxe4 fxe4 52. Nb4 Bd7 53. Kc3 Ke5 54. Na6 Nd8 55. c5 Ne6 56. Bc4 Nd4 57. Nb4 e3 58. Kd3 e2 59. Kd2 Bg4 60. Nd3+ Kf6 61. Ba6 Bf3 62. Nf4 Nb3+ 63. Ke1 Nxc5 64. Bxe2 Bb7 65. g4 Nd7 66. Kf2 Ne5 67. Kg3 Ng6 68. g5+ Ke7 69. Nh5 Kf7 70. Bc4+ Kf8 71. Bd3 Bc8 72. Nf6 Kg7 73. h5 Nf8 74. Ne8+ Kh8 75. Bc4 Bf5 76. Kf4 Bc2 77. Nf6 Kg7 78. Ke5 h6 79. Ne8+ Kh7 80. Nf6+ Kg7 81. Ne8+ Kh7 82. Nf6+ Kg7 1/2-1/2